000 00620nam a2200241Ia 4500
003 OSt
005 20221005081252.0
006 a|||||r|||| 00| 0
007 ta
008 221004b |||||||| |||| 00| 0 eng d
024 _a54662
037 _cTextual
040 _aCRL
_cCRL
_beng
041 _2eng
_aeng
082 _aV2y7M96, M6
100 _aDesai Morarji
245 0 _aSelected speeches 1977-1979.
260 _aNew Delhi
_bPublications Division
_c1986
300 _a218p.
_ccm.
650 _aPHILOSOPHY
942 _hV2y7M96, M6
_cTEXL
_2cc
999 _c987462
_d987462